| 000 | 00902nam0a22002531 4500 | ||
|---|---|---|---|
| 001 | rc\2572792 | ||
| 005 | 20260408081434.0 | ||
| 035 | _a(NLR Aleph) 006737496 | ||
| 090 |
_a5609034 _c5609034 |
||
| 100 | _a20110914d1928 |||y0rusy50 ca | ||
| 101 | 0 | _arus | |
| 102 | _aRU | ||
| 105 | _ay z ||||| | ||
| 200 | 1 |
_aИнструкция по обслуживанию аппарата Сименс _fНар. ком. почт. и тел. |
|
| 210 |
_aМосква _cизд-во НКП и Т _d1928 _gтип. Всерос. кооп. изд-ского союза Книгосоюз |
||
| 215 |
_a41 с. _d16х12 см. |
||
| 300 | _aВ переплете-папке | ||
| 710 | 0 | 1 |
_aСССР _bНародный комиссариат связи _9744180 _3RU\NLR\AUTH\8810123168 |
| 801 | 0 |
_aRU _bNLR _gpsbo |
|
| 801 | 1 |
_aRU _bELAR _2rusmarc |
|
| 852 |
_aNLR _j62/1926 |
||
| 942 | _cBOOK | ||
| 980 | _aNB | ||